书目信息 |
| 题名: |
朗文·外研社新概念英语 3
|
|
| 作者: | 亚因山大 , 何其莘 著 | |
| 分册: | 3 | |
| 出版信息: | 北京 外语教学与研究出版社 2019.08 |
|
| 页数: | 273页 | |
| 开本: | 30cm | |
| 丛书名: | ||
| 单 册: | ||
| 中图分类: | H31 | |
| 科图分类: | ||
| 主题词: | 英语 | |
| 电子资源: | ||
| ISBN: | 978-7-5213-1080-1 | |
| 000 | 00793nam0 2200229 450 | |
| 001 | 2154807854 | |
| 005 | 20210623152650.08 | |
| 010 | @a978-7-5213-1080-1@dCNY38.90 | |
| 100 | @a20210623d2019 km y0chiy0120 ea | |
| 101 | 0 | @achi |
| 102 | @aCN@b110000 | |
| 200 | 1 | @a朗文·外研社新概念英语 3@ALang Wen·Wai Yan She Xin Gai Nian Ying Yu 3@e培养技能@h3@f(英)亚因山大(L.G.ALEXANDER),何其莘著@F(Ying)Ya Yin Shan Da(L.G.ALEXANDER),He Qi Shen Zhu |
| 205 | @a新版 | |
| 210 | @a北京@c外语教学与研究出版社@d2019.08 | |
| 215 | @a273页@d30cm | |
| 517 | 1 | @a培养技能@APei Yang Ji Neng |
| 606 | 0 | @a英语 |
| 690 | @aH31@v4 | |
| 701 | 0 | @a亚因山大@AYa Yin Shan Da@bL.G.ALEXANDER@4著 |
| 701 | 0 | @a何其莘@AHe Qi Shen@4著 |
| 801 | 0 | @aCN@b大连网信软件有限公司图书馆·11@c20210623 |
| 905 | @aZUCC@dH31@eY027 | |
| 朗文·外研社新概念英语 3:培养技能.3/(英)亚因山大(L.G.ALEXANDER),何其莘著.-新版.-北京:外语教学与研究出版社,2019.08 |
| 273页;30cm |
| ISBN 978-7-5213-1080-1:CNY38.90 |
| ● |
| 相关链接 |
|
|
|
正题名:朗文·外研社新概念英语 3
索取号:H31/Y027
 
预约/预借
| 序号 | 登录号 | 条形码 | 馆藏地/架位号 | 状态 | 备注 |
| 1 | 1235881 | 212358811 | 语言库209/209语言库 89排1列1层/ [索取号:H31/Y027] | 在馆 |